| 000 | 00636nam a22002057a 4500 | ||
|---|---|---|---|
| 003 | 0 | ||
| 005 | 20240924124119.0 | ||
| 008 | 240924b xxu||||| |||| 00| 0 eng d | ||
| 020 | _a9780357656754 | ||
| 050 |
_aPN 4129.5 _b.C66 2024 |
||
| 100 |
_aCoopman, Stephanie J., _eauthor. |
||
| 245 |
_aPublic speaking : _bthe evolving art / _cStephanie J. Coopman, James Lull. |
||
| 250 | _a5th ed. | ||
| 260 |
_aBoston, MA : _bCengage, _c2024. |
||
| 300 |
_axix, 426 p. : _bcol. ill. ; _c28 cm. |
||
| 504 | _aIncludes bibliographical references and index. | ||
| 650 | _aPublic speaking. | ||
| 700 |
_aLull, James, _eauthor. |
||
| 942 |
_2lcc _cBK |
||
| 999 |
_c366381 _d366381 |
||